Statistics for Utah Jazz 2010's Starters

Click here to take the quiz!

General Stats

  • This quiz has been taken 456 times
    (406 since last reset)
  • The average score is 13 of 26

Answer Stats

PlayerStarts% Correct
Donovan Mitchell2
99%
Rudy Gobert4
98%
Gordon Hayward5
88%
Deron Williams2
77%
Joe Ingles2
76%
Marvin Williams2
76%
Mo Williams1
76%
Ricky Rubio2
73%
Derrick Favors6
69%
Carlos Boozer1
58%
Andrei Kirilenko1
54%
Paul Millsap3
47%
Mehmet Okur1
41%
Al Jefferson3
39%
Richard Jefferson1
38%
George Hill1
37%
Trey Burke2
31%
Dante Exum1
30%
Rodney Hood2
28%
Enes Kanter1
25%
Devin Harris1
22%
Raja Bell2
17%
Raul Neto1
16%
Ronnie Brewer1
16%
Wesley Matthews1
11%
Randy Foye1
10%

Score Distribution

Percentile by Number Answered

Percent of People with Each Score

Your Score History

You have not taken this quiz since the last reset